Yield of coconut (Cocos nucifera L.) sap as affected by different organic fertilizers / (Record no. 5734)

MARC details
000 -LEADER
fixed length control field 02030naa a2200337Ia 4500
003 - CONTROL NUMBER IDENTIFIER
control field OSt
005 - DATE AND TIME OF LATEST TRANSACTION
control field 20260413093620.0
008 - FIXED-LENGTH DATA ELEMENTS--GENERAL INFORMATION
fixed length control field 260413s2015 xx 000 0 und d
040 ## - CATALOGING SOURCE
Original cataloging agency Foundation University
Language of cataloging eng
Transcribing agency Foundation University
Description conventions rda
050 ## - LIBRARY OF CONGRESS CALL NUMBER
Classification number COA (CrSci-Th) LG 221 D35 A37
Item number A5 C76 2008 D37
099 ## - LOCAL FREE-TEXT CALL NUMBER (OCLC)
Classification number 2438
100 ## - MAIN ENTRY--PERSONAL NAME
Personal name Darong, Jade Mark N.
9 (RLIN) 5169
Relator term author.
245 10 - TITLE STATEMENT
Title Yield of coconut (Cocos nucifera L.) sap as affected by different organic fertilizers /
Statement of responsibility, etc. by Jade Mark N. Darong
260 ## - PUBLICATION, DISTRIBUTION, ETC.
Place of publication, distribution, etc. Dumaguete City :
Name of publisher, distributor, etc. Foundation University ;
Date of publication, distribution, etc. 2008.
264 ## - PRODUCTION, PUBLICATION, DISTRIBUTION, MANUFACTURE, AND COPYRIGHT NOTICE
Date of production, publication, distribution, manufacture, copy right date 2008.
Copyright Date 2008.
300 ## - PHYSICAL DESCRIPTION
Materials specified volume
Extent x, 52 leaves :
Other physical details ill. (col.) ;
Dimensions 28 cm.
Type of unit resource
336 ## - CONTENT TYPE
Source rdacontent
Content type term text
Content type code txt
337 ## - MEDIA TYPE
Source rdamedia
Media type term unmediated
Media type code n
338 ## - CARRIER TYPE
Materials specified rdacarrier
Carrier type term volume
Carrier type code nc
502 ## - DISSERTATION, THESIS NOTE
Dissertation note Undergraduate thesis (Bachelor of Science in Agriculture Major in Crop Science) -- Foundation University, 2008.
504 ## - BIBLIOGRAPHY, ETC. NOTE
Bibliography, etc. note Includes bibliographical references and appendices.
520 ## - ABSTRACT, SUMMARY, ETC.
Abstract, Summary, etc. This study evaluates the effects of varying rates of NPK fertilizer on the growth and yield of lettuce. It examines the influence of different fertilizer levels on plant height, leaf development, biomass production, and overall yield. The research aims to determine the optimal fertilizer rate for maximizing productivity while maintaining soil health. The findings provide valuable insights for efficient nutrient management and improved vegetable production practices.<br/><br/>Lettuce$xGrowth.<br/>Lettuce$xYield.<br/>Fertilizers$xApplication.<br/>Soil fertility.
650 ## - SUBJECT ADDED ENTRY--TOPICAL TERM
Topical term or geographic name entry element Lettuce
9 (RLIN) 3264
General subdivision Growth.
650 ## - SUBJECT ADDED ENTRY--TOPICAL TERM
Topical term or geographic name entry element Lettuce
9 (RLIN) 5170
General subdivision Yield.
650 ## - SUBJECT ADDED ENTRY--TOPICAL TERM
Topical term or geographic name entry element Fertilizers
9 (RLIN) 15493
General subdivision Application.
650 ## - SUBJECT ADDED ENTRY--TOPICAL TERM
Topical term or geographic name entry element Soil fertility.
9 (RLIN) 15450
650 ## - SUBJECT ADDED ENTRY--TOPICAL TERM
Topical term or geographic name entry element Agricultural extension work.
9 (RLIN) 15494
650 ## - SUBJECT ADDED ENTRY--TOPICAL TERM
Topical term or geographic name entry element Sustainable agriculture.
658 ## - INDEX TERM--CURRICULUM OBJECTIVE
Main curriculum objective Thesis 3 (Manuscript and Defense) :
Subordinate curriculum objective Agriculture Major in Crop Science, Bachelor of Science in ;
Curriculum code CSC402.
942 ## - ADDED ENTRY ELEMENTS (KOHA)
Source of classification or shelving scheme Library of Congress Classification
Koha item type Thesis
Classification part LG 221 D35 A37
Item part A5 C76 2008 D37
Call number prefix COA (CrSci-Th)
Holdings
Withdrawn status Lost status Source of classification or shelving scheme Damaged status Not for loan Home library Current library Shelving location Date acquired Source of acquisition Total Checkouts Full call number Barcode Date last seen Price effective from Koha item type Accession Number
    Library of Congress Classification     Foundation University Library Foundation University Library Undergraduate Thesis 04/13/2026 Donated   COA (CrSci-Th) LG 221 D35 A37 A5 C76 2008 D37 56969 04/13/2026 04/13/2026 Thesis CrSci-Th-2026028